Quick Pick: Television 'D' Shows Quiz Stats

 Plays Quiz Updated Jul 29, 2018

Score 0/8 Timer 01:00
2 Plays Today
% Correct
Doctor Who
94.1%
Doogie Howser, M.D.
92%
The Dukes of Hazzard
91.1%
The Drew Carey Show
91%
Diners, Drive-Ins and Dives
82.8%
Drake & Josh
79.9%
Daktari
47.5%
Don't Forget Your Toothbrush
40.6%

Today's Daily Dose

Quick Pick
'M' Cities

Get the Picture
'South' Countries

You're not logged in!

Compare scores with friends on all Sporcle quizzes.
OR
Log In

Sporcle TV

Today on Sporcle TV


Watch our educational content, quiz creation guides, and fun videos on Sporcle TV.

Show Comments

Extras

Top Quizzes Today


Score Distribution

Your Account Isn't Verified!

In order to create a playlist on Sporcle, you need to verify the email address you used during registration. Go to your Sporcle Settings to finish the process.

Report this User

Report this user for behavior that violates our Community Guidelines.

Details: